• 首页
  • 本馆介绍
  • 公告通知
  • 最新文献
  • 馆藏检索
  • 电子资源
  • 读者导购
  • 参考咨询
  • 我的图书馆
  • 登录
  • 详细信息显示
  • 放入我的书架
  • 预约/预借图书
  • 作者相关作品
  • 分类相关作品
  • 丛书相关作品
  • 出版社相关作品

书目信息

  • 表格格式
  • 工作单格式
  • 卡片格式
题名:
中原音韵校本
    
 
作者: 张玉来 , 耿军 校
分册:  
出版信息: 北京   中华书局  2013.2
页数: 262页
开本: 24cm
丛书名: 音韵学丛书
单 册:
中图分类: H114.2
科图分类:
主题词: 韵书--Yun Shu--中国--元代 , 中国--Zhong Guo
电子资源:
ISBN: 978-7-101-06664-7
000 00939nam0 22003011 450
001 349585
005 20161010093018.53
010    @a978-7-101-06664-7@dCNY60.00
100    @a20130515d2013 em y0chiy50 ea
101 0  @achi
102    @aCN@b110000
105    @ay z 001yy
106    @ar
200 1  @a中原音韵校本@AZhong Yuan Yin Yun Jiao Ben@f张玉来,耿军校
210    @a北京@c中华书局@d2013.2
215    @a262页@d24cm
225 2  @a音韵学丛书@AYin Yun Xue Cong Shu
300    @a全国高校古籍整理委员会资助项目
307    @a附中州乐府音韵类编校本
330    @a本书收录中原音韵序、中原音韵目录、中原音韵正语作词起例、中原音韵后序、书中原音韵后等内容。
461  0 @12001 @a音韵学丛书
606 0  @a韵书@AYun Shu@y中国@z元代
606 0  @a中国@AZhong Guo
690    @aH114.2@v5
701  0 @a张玉来@AZhang Yu Lai@4校
701  0 @a耿军@AGeng Jun@4校
801  0 @aCN@bTANGWEI@20160730
905    @b0885750-4@dH114.2@e114@f5
    
    中原音韵校本/张玉来,耿军校.-北京:中华书局,2013.2
    262页;24cm.-(音韵学丛书)
    全国高校古籍整理委员会资助项目
    
    ISBN 978-7-101-06664-7:CNY60.00
    本书收录中原音韵序、中原音韵目录、中原音韵正语作词起例、中原音韵后序、书中原音韵后等内容。
●
相关链接 在E读中查询图书 在五车中查询图书 在当当中查询图书 在豆瓣中查询图书


正题名:中原音韵校本     索取号:H114.2/114         预约/预借

序号 登录号 条形码 馆藏地/架位号 状态 备注
1 0885750   208857502   第二样本阅览室/ [索取号:H114.2/114] 在馆    
2 0885751   208857511   第四借阅区/ [索取号:H114.2/114] 在馆    
3 0885752   208857520   第四借阅区/ [索取号:H114.2/114] 在馆    
4 0885753   208857539   第四借阅区/ [索取号:H114.2/114] 在馆    
5 0885754   208857548   密集书库-文学院/ [索取号:H114.2/114] 在馆    
唐山师范学院图书馆 欢迎您!
大连网信软件有限公司© 版权所有